| 000 | 00859nam a2200277 a 4500 | ||
|---|---|---|---|
| 001 | 991039854329706706 | ||
| 003 | ES-BaIT | ||
| 005 | 20230615095344.0 | ||
| 008 | 111102s2011 sp |||a|| 00| ||spa|c | ||
| 017 | _aDL M. 30609-2011 | ||
| 020 | _a9788493734756 | ||
| 035 | _a(ES-BaCBU).b51621630 | ||
| 035 | _a(OCoLC)804972385 | ||
| 040 |
_aES-BaCBU _bcat _cES-BaCBU |
||
| 080 | _a7.07 Ferrer, Esther | ||
| 100 | 1 |
_aFerrer, Esther, _d1937- _919107 |
|
| 245 | 1 | 0 |
_aMaquetas y dibujos de instalaciones 1970/2011 / _cEsther Ferrer |
| 260 |
_aMadrid : _bExit, _cDL 2011 |
||
| 300 |
_a181 p. : _bil. col. ; _c24 cm |
||
| 600 | 1 | 7 |
_aFerrer, Esther, _d1937- _919107 |
| 650 | 7 |
_aInstal·lacions (Art) _957080 |
|
| 907 |
_a.b51621630 _b27-10-20 _c02-11-11 _d02-11-11 _em _fa _g- _hger _isp _j0 _k0 |
||
| 908 |
_aUdG _azmiro _aCDMAE |
||
| 940 | _aCVA5 | ||
| 942 |
_2udc _c1 |
||
| 999 |
_c134079 _d134079 |
||